La rosa y el rocío

Guardat en:
Dades bibliogràfiques
Autor principal: Anzoategui, Ignacio B (Autor)
Format: Llibre
Idioma:espanyol
Publicat: Buenos Aires Convivio 1943
Col·lecció:Cuadernos de Convivio, 4
Matèries:
Etiquetes: Afegir etiqueta
Sense etiquetes, Sigues el primer a etiquetar aquest registre!

MARC

LEADER 00000nam a2200000 a 4500
001 UCZ7825
003 CL-VaPUC
008 960112e19430000AG |||||||||||||||||spa|d
082 0 4 |a Ar861  |b ANZ  |2 21 
100 0 |a Anzoategui, Ignacio B  |e author  |9 352815 
245 1 3 |a La rosa y el rocío 
300 |a 81 p 
942 |c BK 
945 |d 19960112 00:00:00  |a rleighto 
260 |a Buenos Aires  |b Convivio  |c 1943 
650 0 |a Poesía argentina  |9 265575 
583 |a last modification  |c 19960112 00:00:00  |k Rodrigo Vera 
490 0 |a Cuadernos de Convivio, 4 
999 |c 243823  |d 243821 
952 |0 0  |1 0  |4 0  |6 AR_861_000000000000000_ANZ_1943  |7 0  |8 A  |9 257647  |a BIBEDU  |b BIBEDU  |d 2019-11-19  |i 3169227  |o Ar861 ANZ 1943  |p 3169227  |r 2019-11-19  |w 2019-11-19  |y BK  |k LIT